Do you know your British TV? - Statistics

General Stats
  • This quiz has been taken 46 times
  • The average score is 23 of 40
Answer Stats
Picture Answer % Correct
Doctor Who
93%
The Office
91%
Paddington
89%
Mr. Bean
86%
Peaky Blinders
86%
Peppa Pig
84%
Da Ali G Show
80%
Dad's Army
80%
Hell's Kitchen
80%
Postman Pat
80%
Wallace & Gromit's World of Invention
80%
Absolutely Fabulous
75%
Agatha Christie's Poirot
75%
Derry Girls
73%
Little Britain
73%
The Graham Norton Show
73%
The Inbetweeners
73%
The Weakest Link
70%
The IT Crowd
66%
A Bit of Fry & Laurie
64%
Peep Show
64%
Keeping Up Appearances
61%
Holby City
59%
Inspector Morse
59%
The Benny Hill Show
57%
Friday Night Dinner
55%
Monty Python's Flying Circus
52%
Downton Abbey
50%
Black Mirror
45%
Cold Feet
43%
Sex Education
39%
Skins
36%
An Idiot Abroad
32%
Auf Wiedersehen, Pet
32%
Spaced
32%
Fresh Meat
27%
Ashes to Ashes
25%
Flowers
5%
Giri Haji
5%
People Like Us
0%
No matching quizzes found
Score Distribution
Percent of People with Each Score
Percentile by Number Answered
Your Score History
You have not taken this quiz